[Event "Mediterranean-ch 13th"]
[Site "Platja d'Aro"]
[Date "2023.11.06"]
[Round "4"]
[White "Eugene, Floryan"]
[Black "Garriga Cazorla, Pere"]
[Result "1/2-1/2"]
[WhiteElo "2431"]
[BlackElo "2462"]
[PlyCount "119"]
[EventDate "2023.11.04"]
[EventType "swiss"]
[EventRounds "9"]
[EventCountry "ESP"]
[SourceTitle "CB46_2023"]
[SourceDate "2023.11.15"]
[SourceVersion "1"]
[SourceVersionDate "2023.11.15"]
[SourceQuality "1"]

1. e4 c5 2. Nf3 d6 3. d4 cxd4 4. Nxd4 Nf6 5. Nc3 a6 6. Be2 e5 7. Nb3 Be7 8. Be3 Be6 9. Nd5 Nxd5 10. exd5 Bf5 11. 0-0 0-0 12. Qd2 Nd7 13. a4 Qc7 14. Rfc1 a5 15. Bb5 b6 16. Qe2 Bg6 17. Qc4 Nc5 18. Re1 Rac8 19. Bc6 Bf5 20. Ra3 Bd7 21. Nxc5 dxc5 22. Bxd7 Qxd7 23. Rb3 Rb8 24. f4 Bd6 25. fxe5 Bxe5 26. Bxc5 Qc7 27. Rxe5 Qxe5 28. Bxf8 Rxf8 29. Rf3 h6 30. b3 Rd8 31. d6 Rxd6 32. Qxf7+ Kh7 33. Qf5+ Qxf5 34. Rxf5 Rd1+ 35. Rf1 Rd2 36. c4 Kg6 37. Rf3 h5 38. h4 Rd4 39. Rg3+ Kh6 40. Rg5 Rxh4 41. Rb5 Rd4 42. Rxb6+ Kg5 43. c5 Rd2 44. c6 Rc2 45. Rb5+ Kg4 46. Rxa5 Rxc6 47. Kh2 g5 48. Rb5 h4 49. Rb4+ Kf5 50. Rc4 Rd6 51. Rc5+ Kf4 52. Rc3 g4 53. g3+ hxg3+ 54. Rxg3 Rh6+ 55. Kg2 Rc6 56. Rd3 Rc2+ 57. Kg1 Ke4 58. Rg3 Kf4 59. Rd3 Ke4 60. Rg3 1/2-1/2

[Event "SWE-chT 2324 Elite"]
[Site "Sweden"]
[Date "2023.10.14"]
[Round "2.4"]
[White "Garriga Cazorla, Pere"]
[Black "Torngren, Gustav"]
[Result "1-0"]
[WhiteElo "2459"]
[BlackElo "2306"]
[PlyCount "43"]
[EventDate "2023.10.13"]
[EventType "team-tourn"]
[EventRounds "9"]
[EventCountry "SWE"]
[SourceTitle "Mega2024 Update 01"]
[Source "Chessbase"]
[SourceDate "2023.11.12"]
[SourceVersion "1"]
[SourceVersionDate "2023.11.12"]
[SourceQuality "1"]
[WhiteTeam "Limhamn"]
[BlackTeam "Orgryte"]
[WhiteTeamCountry "SWE"]
[BlackTeamCountry "SWE"]

1. d4 g6 2. e4 d6 3. Nc3 c6 4. Be3 Bg7 5. Qd2 b5 6. Bd3 Nd7 7. Nf3 Bb7 8. 0-0 Qc7 9. Rfe1 a6 10. a4 Ngf6 11. Bh6 Bxh6 12. Qxh6 b4 13. e5 bxc3 14. exf6 Nxf6 15. Qg7 0-0-0 16. Qxf7 cxb2 17. Rab1 Rhf8 18. Qe6+ Rd7 19. Rxb2 Kd8 20. Reb1 Bc8 21. Ng5 Qa5 22. Qe3 1-0

[Event "Titled Tuesday intern op 26th Sep Late"]
[Site "Chess.com INT"]
[Date "2023.09.26"]
[Round "1"]
[White "Garriga Cazorla, Pere"]
[Black "Ljubarov, Mark"]
[Result "1-0"]
[WhiteElo "2448"]
[BlackElo "2305"]
[PlyCount "113"]
[EventDate "2023.09.26"]
[EventType "swiss (blitz)"]
[EventRounds "11"]
[EventCountry "USA"]
[SourceTitle "EXT 2024"]
[Source "ChessBase"]
[SourceDate "2023.10.10"]
[SourceVersion "1"]
[SourceVersionDate "2023.10.10"]
[SourceQuality "1"]

1. d4 Nf6 2. c4 e6 3. Nf3 d5 4. Nc3 Be7 5. Bf4 0-0 6. e3 c5 7. dxc5 dxc4 8. Bxc4 Bxc5 9. Qxd8 Rxd8 10. Ke2 Nc6 11. Rhd1 Bd7 12. Rac1 Be8 13. a3 Rxd1 14. Rxd1 Rd8 15. Rc1 Bd6 16. Bg5 h6 17. Bh4 g5 18. Bg3 a6 19. Bd3 Na5 20. Bxd6 Rxd6 21. Ne5 Nb3 22. Rc2 Nc5 23. Bc4 Kg7 24. f3 Bc6 25. Ba2 Ncd7 26. Nc4 Rd5 27. Nxd5 Bxd5 28. e4 Bc6 29. Na5 Bb5+ 30. Bc4 Bxc4+ 31. Nxc4 b5 32. Na5 g4 33. Rc6 h5 34. Rxa6 h4 35. Nc6 h3 36. gxh3 gxf3+ 37. Kxf3 Nxe4 38. Ra7 Ndf6 39. Nd8 Ng5+ 40. Kf4 Kg6 41. h4 Nd5+ 42. Kg4 f5+ 43. Kg3 Ne4+ 44. Kg2 Kf6 45. Kf3 Nd2+ 46. Ke2 Nc4 47. b3 Ne5 48. a4 bxa4 49. bxa4 Ng6 50. a5 Nxh4 51. a6 Ng2 52. Rf7+ Ke5 53. a7 Ngf4+ 54. Kf3 Nb6 55. Nc6+ Kd6 56. Kxf4 Kxc6 57. h4 1-0

[Event "Titled Tuesday intern op 19th Sep Late"]
[Site "Chess.com INT"]
[Date "2023.09.19"]
[Round "2"]
[White "Santos Flores, Alberto Javier"]
[Black "Garriga Cazorla, Pere"]
[Result "0-1"]
[WhiteElo "2198"]
[BlackElo "2448"]
[PlyCount "130"]
[EventDate "2023.09.19"]
[EventType "swiss (blitz)"]
[EventRounds "11"]
[EventCountry "USA"]
[SourceTitle "EXT 2024"]
[Source "ChessBase"]
[SourceDate "2023.10.10"]
[SourceVersion "1"]
[SourceVersionDate "2023.10.10"]
[SourceQuality "1"]

1. e4 c5 2. Nf3 d6 3. Bb5+ Nd7 4. d4 cxd4 5. Qxd4 a6 6. Bxd7+ Qxd7 7. Nc3 e5 8. Qd3 Qc6 9. Bg5 h6 10. Bh4 Be6 11. 0-0-0 g5 12. Bg3 Rc8 13. Kb1 Nf6 14. Nd5 Bxd5 15. exd5 Qd7 16. Bxe5 dxe5 17. Nxe5 Qd6 18. Rhe1 Be7 19. Nc4 Rxc4 20. Qxc4 0-0 21. h4 Rd8 22. hxg5 hxg5 23. a3 Bf8 24. Qd4 Bg7 25. c4 Nd7 26. Qe3 Qf6 27. Rd2 Rc8 28. Qe7 Qf5+ 29. Ka2 Rxc4 30. Qd8+ Bf8 31. Re8 g4 32. d6 Kg7 33. Re7 Nf6 34. Rc7 Re4 35. d7 Qe6+ 36. b3 Re2 37. Rcc2 Re1 38. Qxf8+ Kxf8 39. d8Q+ Kg7 40. Qd4 Qf5 41. Kb2 b5 42. Re2 Rf1 43. Rc6 Qb1+ 44. Kc3 Rc1+ 45. Kb4 Rxc6 46. Re5 Qc1 47. Ka5 Qc3+ 48. Qxc3 Rxc3 49. Kxa6 Rxb3 50. Rxb5 Rxa3+ 51. Kb6 Ra2 52. f3 Rxg2 53. fxg4 Rxg4 54. Rf5 Kg6 55. Rf1 Ne4 56. Kc6 f5 57. Kd5 Kf6 58. Ra1 Rg2 59. Ra6+ Kg5 60. Ra8 Kf4 61. Rf8 Rd2+ 62. Ke6 Rd6+ 63. Ke7 Ra6 64. Rh8 Ke3 65. Rf8 f4 0-1

[Event "Titled Tuesday intern op 05th Sep Early"]
[Site "Chess.com INT"]
[Date "2023.09.05"]
[Round "8"]
[White "Bharath, Subramaniyam H"]
[Black "Garriga Cazorla, Pere"]
[Result "0-1"]
[WhiteElo "2496"]
[BlackElo "2448"]
[PlyCount "80"]
[EventDate "2023.09.05"]
[EventType "swiss (blitz)"]
[EventRounds "11"]
[EventCountry "USA"]
[SourceTitle "EXT 2024"]
[Source "ChessBase"]
[SourceDate "2023.10.10"]
[SourceVersion "1"]
[SourceVersionDate "2023.10.10"]
[SourceQuality "1"]

1. e4 c5 2. Nf3 d6 3. d4 cxd4 4. Nxd4 Nf6 5. Nc3 a6 6. h3 e5 7. Nf3 Nbd7 8. g4 h6 9. Be3 b5 10. a3 Bb7 11. Nd2 Rc8 12. Bg2 Nc5 13. Qe2 Ne6 14. 0-0 Be7 15. Rac1 0-0 16. Nd5 Nxd5 17. exd5 Nf4 18. Bxf4 exf4 19. c4 bxc4 20. Rxc4 Bf6 21. Rxc8 Qxc8 22. Nc4 Qc7 23. b4 Bc8 24. Qd3 Bd7 25. Rc1 Bb5 26. Bf1 Rc8 27. Qb3 Qd7 28. Nb6 Rxc1 29. Nxd7 Bd4 30. Kg2 Bxf1+ 31. Kh2 Rc3 32. Qd1 Rxh3+ 33. Kg1 Bd3 34. Qe1 Kh7 35. Nf8+ Kg8 36. Qe8 Rg3+ 37. Kh2 Bxf2 38. Nd7+ Kh7 39. Qxf7 Bg1+ 40. Kh1 Be4# 0-1

[Event "Titled Tuesday intern op 05th Sep Early"]
[Site "Chess.com INT"]
[Date "2023.09.05"]
[Round "4"]
[White "Garriga Cazorla, Pere"]
[Black "Flynn, Jacob"]
[Result "1/2-1/2"]
[WhiteElo "2448"]
[BlackElo "2154"]
[PlyCount "155"]
[EventDate "2023.09.05"]
[EventType "swiss (blitz)"]
[EventRounds "11"]
[EventCountry "USA"]
[SourceTitle "EXT 2024"]
[Source "ChessBase"]
[SourceDate "2023.10.10"]
[SourceVersion "1"]
[SourceVersionDate "2023.10.10"]
[SourceQuality "1"]

1. d4 Nf6 2. c4 e6 3. Nf3 d5 4. Nc3 c6 5. cxd5 exd5 6. Qc2 Be7 7. Bg5 g6 8. e3 Bf5 9. Bd3 Bxd3 10. Qxd3 Nbd7 11. Bh6 Bf8 12. Bf4 Bg7 13. h3 0-0 14. 0-0 Re8 15. b4 Rc8 16. Rfc1 a6 17. a4 Ne4 18. Rab1 Ndf6 19. b5 Nxc3 20. Rxc3 Ne4 21. Rcc1 axb5 22. axb5 c5 23. dxc5 Nxc5 24. Qa3 Ne6 25. Bg3 Qb6 26. Rxc8 Rxc8 27. Qd3 d4 28. exd4 Nxd4 29. Nxd4 Qxd4 30. Qf3 Qd7 31. Kh2 h5 32. h4 Rc5 33. b6 Rc6 34. Rd1 Qe6 35. Rd8+ Kh7 36. Bc7 Be5+ 37. Bxe5 Qxe5+ 38. g3 Qf6 39. Qxf6 Rxf6 40. Rd7 Rxf2+ 41. Kg1 Rf5 42. Rxb7 Kg7 43. Kg2 Rb5 44. Rb8 Rb3 45. Kf2 Kf6 46. Kg2 Kf5 47. Rf8 f6 48. Rb8 Kg4 49. b7 Rb2+ 50. Kf1 g5 51. Rf8 Rxb7 52. Rxf6 gxh4 53. gxh4 Kxh4 54. Kg2 Rb2+ 55. Kh1 Rb1+ 56. Kg2 Rb2+ 57. Kf3 Rb3+ 58. Ke2 Rb4 59. Re6 Rf4 60. Ke3 Rf8 61. Rg6 Kh3 62. Ke2 h4 63. Rg7 Rf4 64. Ke3 Rf8 65. Ke2 Kh2 66. Rg4 h3 67. Rg7 Kh1 68. Rg3 h2 69. Rg7 Rf6 70. Rg8 Ra6 71. Kf2 Ra2+ 72. Kf1 Ra1+ 73. Kf2 Rg1 74. Ra8 Rg2+ 75. Kf3 Rg1 76. Kf2 Rg2+ 77. Kf3 Rg1 78. Kf2 1/2-1/2

[Event "Titled Tuesday intern op 05th Sep Late"]
[Site "Chess.com INT"]
[Date "2023.09.05"]
[Round "5"]
[White "Garriga Cazorla, Pere"]
[Black "Ghevondyan, Arman"]
[Result "1-0"]
[WhiteElo "2448"]
[BlackElo "2216"]
[PlyCount "61"]
[EventDate "2023.09.05"]
[EventType "swiss (blitz)"]
[EventRounds "11"]
[EventCountry "USA"]
[SourceTitle "EXT 2024"]
[Source "ChessBase"]
[SourceDate "2023.10.10"]
[SourceVersion "1"]
[SourceVersionDate "2023.10.10"]
[SourceQuality "1"]

1. d4 Nf6 2. c4 g6 3. Nc3 d5 4. h4 Bg7 5. cxd5 Nxd5 6. h5 Nc6 7. Nf3 Bg4 8. Rh4 f5 9. e3 Bf6 10. Rh1 gxh5 11. Qb3 Nb6 12. Bd2 Qd7 13. d5 Ne5 14. Nxe5 Bxe5 15. f3 Bg3+ 16. Kd1 0-0-0 17. fxg4 hxg4 18. Kc2 e6 19. Rd1 exd5 20. Bd3 Rhf8 21. Bc1 Kb8 22. a4 f4 23. exf4 Bxf4 24. a5 Nc4 25. a6 b6 26. Bxc4 dxc4 27. Qxc4 Qf5+ 28. Kb3 Qa5 29. Rxd8+ Rxd8 30. Bxf4 h5 31. Qxc7+ 1-0

[Event "Titled Tuesday intern op 05th Sep Early"]
[Site "Chess.com INT"]
[Date "2023.09.05"]
[Round "7"]
[White "Garriga Cazorla, Pere"]
[Black "Santos Flores, Alberto Javier"]
[Result "1-0"]
[WhiteElo "2448"]
[BlackElo "2198"]
[PlyCount "75"]
[EventDate "2023.09.05"]
[EventType "swiss (blitz)"]
[EventRounds "11"]
[EventCountry "USA"]
[SourceTitle "EXT 2024"]
[Source "ChessBase"]
[SourceDate "2023.10.10"]
[SourceVersion "1"]
[SourceVersionDate "2023.10.10"]
[SourceQuality "1"]

1. d4 d5 2. c4 c6 3. Nf3 Nf6 4. Nc3 dxc4 5. a4 Bf5 6. e3 e6 7. Bxc4 Bb4 8. 0-0 Nbd7 9. Nh4 Bg6 10. h3 0-0 11. Nxg6 hxg6 12. Qe2 e5 13. Rd1 exd4 14. exd4 Nb6 15. Bb3 Nbd5 16. Qf3 Re8 17. Bg5 Qd6 18. Re1 a5 19. g3 Qd7 20. Kg2 Rac8 21. Rad1 Ra8 22. Re5 Bd6 23. Ree1 Bb4 24. h4 Bf8 25. Re2 Rxe2 26. Nxe2 Re8 27. Nc3 Bb4 28. Rd3 Bf8 29. Bd1 Nh7 30. Bc1 Nhf6 31. g4 Qxg4+ 32. Qxg4 Nxg4 33. Bxg4 Nf6 34. Bf3 Bb4 35. Bg5 Re1 36. d5 Nxd5 37. Nxd5 cxd5 38. Bxd5 1-0

[Event "Titled Tuesday intern op 05th Sep Early"]
[Site "Chess.com INT"]
[Date "2023.09.05"]
[Round "11"]
[White "Garriga Cazorla, Pere"]
[Black "Toropov, Pavel"]
[Result "1-0"]
[WhiteElo "2448"]
[BlackElo "2336"]
[PlyCount "75"]
[EventDate "2023.09.05"]
[EventType "swiss (blitz)"]
[EventRounds "11"]
[EventCountry "USA"]
[SourceTitle "EXT 2024"]
[Source "ChessBase"]
[SourceDate "2023.10.10"]
[SourceVersion "1"]
[SourceVersionDate "2023.10.10"]
[SourceQuality "1"]

1. d4 d5 2. c4 c6 3. Nf3 Nf6 4. Nc3 dxc4 5. a4 Bf5 6. e3 e6 7. Bxc4 Bb4 8. 0-0 0-0 9. Nh4 Bg4 10. f3 Bh5 11. g4 Bg6 12. Nxg6 hxg6 13. e4 Nbd7 14. Be3 Qa5 15. Na2 Be7 16. g5 Ne8 17. f4 Nd6 18. Bd3 Rfd8 19. Rc1 Rac8 20. b4 Qc7 21. h4 a5 22. b5 Qb8 23. h5 gxh5 24. Qxh5 g6 25. Qh3 cxb5 26. axb5 Rxc1 27. Nxc1 Bf8 28. Ne2 Bg7 29. Ng3 Rc8 30. f5 Rc3 31. f6 Rxd3 32. fxg7 Kxg7 33. Qh6+ Kg8 34. Bf4 Rxd4 35. Nh5 gxh5 36. g6 Nf8 37. Be5 f6 38. Bxf6 1-0

[Event "Titled Tuesday intern op 29th Aug Early"]
[Site "Chess.com INT"]
[Date "2023.08.29"]
[Round "7"]
[White "Garriga Cazorla, Pere"]
[Black "Blanco Diez, David"]
[Result "1-0"]
[WhiteElo "2448"]
[BlackElo "2279"]
[PlyCount "69"]
[EventDate "2023.08.29"]
[EventType "swiss (blitz)"]
[EventRounds "11"]
[EventCountry "USA"]
[SourceTitle "EXT 2024"]
[Source "ChessBase"]
[SourceDate "2023.10.10"]
[SourceVersion "1"]
[SourceVersionDate "2023.10.10"]
[SourceQuality "1"]

1. d4 Nf6 2. c4 e6 3. Nc3 Bb4 4. e3 b6 5. Bd3 Bb7 6. Nge2 Bxg2 7. Rg1 Bf3 8. Qc2 g6 9. e4 Nc6 10. Be3 Ng4 11. 0-0-0 Nxe3 12. fxe3 Bxc3 13. Qxc3 d6 14. Rdf1 Bxe2 15. Bxe2 e5 16. b4 Qe7 17. c5 0-0 18. d5 Nd8 19. c6 a5 20. a3 axb4 21. axb4 f6 22. Kb2 Nf7 23. h4 Ra4 24. Bg4 Kg7 25. Be6 Rfa8 26. Kb1 Nd8 27. Bd7 Nf7 28. Rg2 Ra3 29. Qc4 Ra1+ 30. Kb2 R8a2+ 31. Qxa2 Rxa2+ 32. Kxa2 Qd8 33. Kb3 f5 34. exf5 Qxh4 35. f6+ 1-0

[Event "Titled Tuesday intern op 29th Aug Early"]
[Site "Chess.com INT"]
[Date "2023.08.29"]
[Round "1"]
[White "Garriga Cazorla, Pere"]
[Black "Zenin, Dmitri"]
[Result "1-0"]
[WhiteElo "2448"]
[BlackElo "2163"]
[PlyCount "87"]
[EventDate "2023.08.29"]
[EventType "swiss (blitz)"]
[EventRounds "11"]
[EventCountry "USA"]
[SourceTitle "EXT 2024"]
[Source "ChessBase"]
[SourceDate "2023.10.10"]
[SourceVersion "1"]
[SourceVersionDate "2023.10.10"]
[SourceQuality "1"]

1. d4 Nf6 2. c4 g6 3. Nc3 Bg7 4. e4 d6 5. h3 0-0 6. Be3 c5 7. d5 e6 8. Bd3 exd5 9. exd5 Na6 10. Nf3 Nb4 11. Bb1 b5 12. a3 Qa5 13. cxb5 Nbxd5 14. 0-0 Nxc3 15. bxc3 Bb7 16. c4 Ne4 17. Bxe4 Bxe4 18. Ra2 Rad8 19. Bd2 Qc7 20. Bf4 Qb7 21. Re1 d5 22. Rd2 d4 23. a4 Rfe8 24. Rde2 d3 25. Re3 Bc3 26. Nd2 Bxd2 27. Qxd2 Re6 28. f3 Bf5 29. Rxe6 Bxe6 30. Be5 Qe7 31. Bc3 f6 32. Qf4 Kf7 33. a5 g5 34. Qe4 f5 35. Qe5 Kg6 36. h4 Re8 37. b6 axb6 38. axb6 Qf7 39. hxg5 Bd7 40. Qd6+ Kxg5 41. Rxe8 Bxe8 42. Qg3+ Kh5 43. Bd2 f4 44. Qg4+ 1-0

[Event "Titled Tuesday intern op 29th Aug Early"]
[Site "Chess.com INT"]
[Date "2023.08.29"]
[Round "6"]
[White "Ianovsky, Matias Manuel"]
[Black "Garriga Cazorla, Pere"]
[Result "1-0"]
[WhiteElo "2218"]
[BlackElo "2448"]
[PlyCount "65"]
[EventDate "2023.08.29"]
[EventType "swiss (blitz)"]
[EventRounds "11"]
[EventCountry "USA"]
[SourceTitle "EXT 2024"]
[Source "ChessBase"]
[SourceDate "2023.10.10"]
[SourceVersion "1"]
[SourceVersionDate "2023.10.10"]
[SourceQuality "1"]

1. d4 Nf6 2. Nf3 e6 3. c4 d5 4. g3 dxc4 5. Bg2 Nbd7 6. 0-0 Rb8 7. Qc2 b5 8. b3 cxb3 9. axb3 a6 10. Nbd2 Bb7 11. Bb2 Rc8 12. Ne5 Bxg2 13. Kxg2 c5 14. Rfc1 Nxe5 15. dxe5 Nd5 16. Ne4 Be7 17. Qd2 Qb6 18. Nd6+ Bxd6 19. exd6 0-0 20. e4 Nb4 21. Bxg7 f6 22. Bxf8 Rxf8 23. Qf4 Kh8 24. Rd1 Nc2 25. d7 Nd4 26. b4 e5 27. Qh6 Kg8 28. bxc5 Qc6 29. Qxf8+ Kxf8 30. d8Q+ Kg7 31. Qd5 Qc8 32. Rxd4 exd4 33. Qxd4 1-0

[Event "Titled Tuesday intern op 29th Aug Early"]
[Site "Chess.com INT"]
[Date "2023.08.29"]
[Round "11"]
[White "Womacka, Mathias"]
[Black "Garriga Cazorla, Pere"]
[Result "1/2-1/2"]
[WhiteElo "2371"]
[BlackElo "2448"]
[PlyCount "26"]
[EventDate "2023.08.29"]
[EventType "swiss (blitz)"]
[EventRounds "11"]
[EventCountry "USA"]
[SourceTitle "EXT 2024"]
[Source "ChessBase"]
[SourceDate "2023.10.10"]
[SourceVersion "1"]
[SourceVersionDate "2023.10.10"]
[SourceQuality "1"]

1. e4 c5 2. Nf3 d6 3. d4 cxd4 4. Nxd4 Nf6 5. Nc3 a6 6. Be2 e5 7. Nb3 Be7 8. 0-0 0-0 9. Kh1 Re8 10. f4 exf4 11. Bxf4 Nc6 12. Qe1 Ne5 13. Rd1 Ng6 1/2-1/2

[Event "Barcelona Sants op 24th"]
[Site "Barcelona"]
[Date "2023.08.25"]
[Round "8"]
[White "Garriga Cazorla, Pere"]
[Black "Alekseenko, Kirill"]
[Result "1/2-1/2"]
[WhiteElo "2448"]
[BlackElo "2675"]
[PlyCount "80"]
[EventDate "2023.08.18"]
[EventType "swiss"]
[EventRounds "10"]
[EventCountry "ESP"]
[SourceTitle "CBM 215 Extra"]
[Source "ChessBase"]
[SourceDate "2023.09.30"]
[SourceVersion "1"]
[SourceVersionDate "2023.09.30"]
[SourceQuality "1"]

1. d4 Nf6 2. c4 e6 3. Nf3 d5 4. Nc3 Nbd7 5. Bg5 dxc4 6. e4 b5 7. Nxb5 h6 8. Bh4 Bb4+ 9. Nc3 g5 10. Bg3 Nxe4 11. Rc1 Bb7 12. Bxc4 g4 13. Nh4 h5 14. Qb3 a5 15. a3 Nd2 16. Qc2 Bxc3 17. Qxc3 Nxc4 18. Qxc4 c6 19. Qc3 0-0 20. 0-0 a4 21. f3 Ra5 22. Qe3 Qg5 23. f4 Qh6 24. Qc3 Rd5 25. f5 c5 26. fxe6 fxe6 27. Rxf8+ Qxf8 28. Qe3 cxd4 29. Qxe6+ Qf7 30. Qxf7+ Kxf7 31. Rf1+ Nf6 32. Nf5 Ba6 33. Rf2 Rc5 34. h3 d3 35. Bh4 Rc1+ 36. Kh2 Nd5 37. hxg4 hxg4 38. Ne3+ Ke6 39. Nxg4 Rc2 40. Bg5 Rxf2 1/2-1/2

[Event "Monteolivete op 3rd"]
[Site "Alboraia"]
[Date "2023.07.17"]
[Round "1"]
[White "Garriga Cazorla, Pere"]
[Black "Senthil, Maran K"]
[Result "1/2-1/2"]
[WhiteElo "2468"]
[BlackElo "2287"]
[PlyCount "77"]
[EventDate "2023.07.17"]
[EventType "swiss"]
[EventRounds "9"]
[EventCountry "ESP"]
[SourceTitle "CBM 215 Extra"]
[Source "ChessBase"]
[SourceDate "2023.09.30"]
[SourceVersion "1"]
[SourceVersionDate "2023.09.30"]
[SourceQuality "1"]

1. d4 Nf6 2. c4 c6 3. Nc3 d5 4. Nf3 e6 5. e3 Nbd7 6. Qc2 Bd6 7. Bd3 0-0 8. 0-0 dxc4 9. Bxc4 b5 10. Be2 a6 11. e4 e5 12. Bg5 Qc7 13. dxe5 Nxe5 14. Bxf6 gxf6 15. Kh1 Nxf3 16. Bxf3 Be6 17. g3 Rfd8 18. Bg2 Bc4 19. Rfd1 Be5 20. f4 Bxc3 21. Qxc3 Rxd1+ 22. Rxd1 Rd8 23. Re1 Qe7 24. b3 Rd3 25. Qc1 Be6 26. Qxc6 Qb4 27. Rf1 Qd4 28. f5 Bd7 29. Qc1 Rd2 30. g4 b4 31. g5 fxg5 32. f6 Qc3 33. e5 Qxc1 34. Rxc1 Bf5 35. Kg1 h5 36. Bb7 a5 37. Rc5 g4 38. Rxa5 Kh7 39. Rb5 1/2-1/2

[Event "Catalunya-chT Gp2 Final"]
[Site "Barcelona"]
[Date "2023.03.11"]
[Round "1.1"]
[White "Almeida Quintana, Omar"]
[Black "Garriga Cazorla, Pere"]
[Result "1/2-1/2"]
[WhiteElo "2526"]
[BlackElo "2476"]
[PlyCount "117"]
[EventDate "2023.03.11"]
[EventType "team-k.o."]
[EventRounds "4"]
[EventCountry "ESP"]
[SourceTitle "EXT 2024"]
[Source "ChessBase"]
[SourceDate "2023.10.10"]
[SourceVersion "1"]
[SourceVersionDate "2023.10.10"]
[SourceQuality "1"]
[WhiteTeam "Lira Vendrellenca"]
[BlackTeam "Mollet"]
[WhiteTeamCountry "ESP"]
[BlackTeamCountry "ESP"]

1. d4 Nf6 2. Nf3 g6 3. c4 Bg7 4. Nc3 d5 5. cxd5 Nxd5 6. Bd2 0-0 7. e4 Nb6 8. Be3 Bg4 9. a4 a5 10. Rc1 Na6 11. b3 Nb4 12. Be2 f5 13. Ng5 Bxe2 14. Nxe2 fxe4 15. Nxe4 N6d5 16. 0-0 Nxe3 17. fxe3 Rxf1+ 18. Qxf1 Qd5 19. Nc5 Bh6 20. Nc3 Bxe3+ 21. Kh1 Qxd4 22. Nb5 Qf4 23. Qxf4 Bxf4 24. Rf1 Nd5 25. Nxb7 Bd6 26. Rd1 Nb4 27. g3 Kg7 28. Rc1 Nd5 29. Rd1 Nf6 30. Rc1 Ne8 31. Kg2 Kf6 32. Kf3 Kf7 33. Nd4 e5 34. Nc6 Nf6 35. Ncxa5 Ke6 36. Nc6 Kd5 37. a5 Ba3 38. Rc2 Ra6 39. Nb8 Ra7 40. Rd2+ Ke6 41. a6 Bb4 42. Rc2 e4+ 43. Ke2 Nd5 44. Rc4 Ra8 45. Rxe4+ Kf5 46. Rd4 Nc3+ 47. Kd3 c5 48. Rf4+ Kg5 49. h4+ Kh6 50. Nc6 Nd5 51. Rf7 Rxa6 52. Ne5 g5 53. hxg5+ Kxg5 54. Rxh7 Ra3 55. Nd6 c4+ 56. Ndxc4 Rxb3+ 57. Kd4 Nf6 58. Rg7+ Kf5 59. g4+ 1/2-1/2

[Event "Catalunya-chT Gp2"]
[Site "Barcelona"]
[Date "2023.03.04"]
[Round "7.1"]
[White "Movsziszian, Karen"]
[Black "Garriga Cazorla, Pere"]
[Result "1/2-1/2"]
[WhiteElo "2488"]
[BlackElo "2490"]
[PlyCount "111"]
[EventDate "2023.01.21"]
[EventType "team-tourn"]
[EventRounds "7"]
[EventCountry "ESP"]
[SourceTitle "CBM 213 Extra"]
[Source "ChessBase"]
[SourceDate "2023.05.31"]
[SourceVersion "1"]
[SourceVersionDate "2023.05.31"]
[SourceQuality "1"]
[WhiteTeam "Sant Andreu"]
[BlackTeam "Mollet"]
[WhiteTeamCountry "ESP"]
[BlackTeamCountry "ESP"]

1. g3 e5 2. c4 Nf6 3. Bg2 c6 4. d4 exd4 5. Qxd4 Na6 6. Nf3 Bc5 7. Qe5+ Be7 8. 0-0 0-0 9. Nc3 Re8 10. Qd4 Bc5 11. Qd1 Bb4 12. Bd2 d5 13. cxd5 Nxd5 14. Nxd5 Qxd5 15. Bxb4 Nxb4 16. a3 Qxd1 17. Rfxd1 Nd5 18. Nd4 Be6 19. e3 a5 20. b3 Kf8 21. Rac1 Red8 22. h3 Ke7 23. Rd2 g6 24. Rb2 Ra6 25. Kf1 Rb6 26. Ke1 Nc7 27. Bf1 Bd5 28. b4 axb4 29. Rxb4 Rxb4 30. axb4 Ne6 31. Nxe6 Bxe6 32. b5 cxb5 33. Bxb5 Rc8 34. Rxc8 Bxc8 35. h4 Kd6 36. Kd2 Kc5 37. Be2 b5 38. Kc3 Be6 39. f3 h6 40. g4 g5 41. hxg5 hxg5 42. Bd1 b4+ 43. Kb2 Bc4 44. Kc2 f6 45. Kb2 Bd3 46. Kb3 Bc4+ 47. Kb2 Bd5 48. Be2 Bc4 49. Bd1 Kb5 50. f4 Bd5 51. Kc2 b3+ 52. Kc3 Ka4 53. Kb2 Kb4 54. Be2 Be6 55. Bd1 Bd5 56. Be2 1/2-1/2